000 00553nam a2200217Ia 4500
003 OSt
005 20220918231616.0
006 a|||||r|||| 00| 0
007 ta
008 220917b |||||||| |||| 00| 0 eng d
024 _a317,076
037 _cTextual
040 _aARTS
_cARTS
_beng
041 _2eng
_aeng
082 _aV663:1:N5, J3
245 0 _aMorocco under the protectorate
_b Forty years of French administration
260 _c1953
650 _aHISTORY
942 _hV663:1:N5, J3
_cTEXL
_2CC
999 _c291925
_d291925